MARC

LEADER 00000nam0a2200000 4500
001 366224
005 20231102011848.0
035 |a (RuTPU)RU\TPU\retro\23587 
090 |a 366224 
100 |a 20220203d1979 m y0rusy50 ca 
101 0 |a rus 
102 |a RU 
105 |a a j 001zy 
200 1 |a Очистка природных и сточных сероводородных вод  |e учебное пособие  |f С. Н. Линевич  |g Новочеркасский политехнический институт им. Серго Орджоникидзе 
210 |a Новочеркасск  |c [Б. и.]  |d 1979 
215 |a 52 с.  |c ил. 
320 |a Библиогр.: с. 48-50 
606 1 |a Минеральные воды, сероводородные  |2 stltpush  |3 (RuTPU)RU\TPU\subj\44053  |9 63437 
606 1 |a Сточные воды  |x Очистка в целом  |2 stltpush  |3 (RuTPU)RU\TPU\subj\57136  |9 75000 
610 1 |a образование 
610 1 |a распространение 
610 1 |a обработка 
610 1 |a методы 
610 1 |a технологические схемы 
610 1 |a рациональное использование 
610 1 |a учебные пособия 
675 |a 553.74(075.8)  |v 4 
675 |a 628.31(075.8)  |v 4 
700 1 |a Линевич  |b С. Н.  |g Сергей Николаевич 
712 0 2 |a Новочеркасский политехнический институт им. Серго Орджоникидзе  |c (1948-1993)  |2 stltpush  |3 (RuTPU)RU\TPU\col\227  |9 23289 
801 1 |a RU  |b 63413507  |c 20220203 
942 |c BK